Statistics for Famous actors/actresses

Click here to take the quiz!

General Stats

  • This quiz has been taken 59 times
    (30 since last reset)
  • The average score is 28 of 57

Answer Stats

Hint Answer % Correct
Pirates of the Caribbean, Edward Scissorhands, Sweeney Todd, The TouristJohnny Depp
95%
The Outsiders, Top Gun, Mission: ImpossibleTom Cruise
91%
The Pursuit of Happyness, Men In Black, I Robot, Bad Boys, Hitch, Hancock, AliWill Smith
91%
Big Daddy, Happy Gilmore, Billy MadisonAdam Sandler
86%
The Hunger Games, Serena, American HustleJennifer Lawrence
86%
Titanic, The Wolf of Wall Street, The Great Gatsby, What;s Eating Gilbert GrapeLeonardo DiCaprio
82%
Harry Potter, This Is The End, The Perks of Being a WallflowerEmma Watson
82%
Dumb & Dumber, Ace Ventura, Bruce AlmightyJim Carrey
82%
Beverly Hills Cop, Coming to America, Daddy Daycare, Tower HeistaEddie Murphy
82%
Salt, Maleficent, The TouristAngelina Jolie
82%
Dirty Dancing, The Outsiders, GhostPatrick Swayze
77%
The Fast & The Furious, The Pacifier, xXxVin Diesel
77%
Rush Hour, The Spy Next Door, The Karate KidJackie Chan
73%
The Blind Side, The Proposal, GravitySandra Bullock
73%
Harry Potter, What IfDaniel Radcliffe
73%
Elf, Step Brothers, The Other GuysWill Ferrell
68%
Bride Wars, Les Miserables, The Dark Knight Rises, The Devil Wears PradaAnne Hathaway
68%
Goosebumps, School of Rock, Gulliver's TravelsJack Black
64%
Millon Dollar Baby, Se7en, Driving Miss DaisyMorgan Freeman
64%
Lucy, The Avengers, Lost in TranslationScarlett Johansson
64%
Ride Along, Are We There Yet, Friday, 21 Jump StreetIce Cube
64%
John Q, The Equalizer, The Book Of EliDenzel Washington
59%
RV, Old Dogs, FlubberRobin Williams
59%
The Fast & The Furious, Joy Ride, Hours, Eight BelowPaul Walker
59%
Sixteen Candles, Pretty in Pink, The Breakfast ClubMolly Ringwald
59%
Here Comes the Boom, Pixels, ZookeeperKevin James
55%
Bad Boys, Big Momma's HouseMartin Lawrence
55%
Boogie Nights, The Perfect Storm, The Yards, Daddy's HomeMark Wahlberg
50%
The Game Plan, Race to Witch Mountain, Faster, Fast FiveDwayne Johnson
50%
Harry Potter, Cherrybomb, Wild Target, Driving LessonsRupert Grint
50%
The Breakfast Club, The Outsiders, Bobby, The WayEmilio Estevez
45%
Soul Plane, Ride Along, About Last Night, Think Like A ManKevin Hart
45%
The Karate Kid, The OutsidersRalph Macchio
45%
The Outsiders, You Me and Depree, Rumble FishMatt Dillon
41%
RV, The Hunger Games, Journey to the Center of the Earth, Firehouse DogJosh Hutcherson
41%
Bride Wars, Almost Famous, The Skelton KeyKate Hudson
41%
Grown Ups, Once Upon A Time in Mexico, Desperado, FridaSalma Hayek
41%
Annie, Law Abiding Citizen, Horrible BossesJamie Foxx
36%
Pride & Prejudice, Begin Again, Last NightKeira Knightley
36%
Lord of the Rings, The Three MusketeersOrlando Bloom
32%
Joe Dirt, Tommy Boy, Black Sheep, Grown UpsDavid Spade
32%
Creed, Fruitvale Station, Fantastic FourMichael B. Jordan
27%
Lee Daniels' The Butler, Southpaw, PawnForest Whitaker
23%
Roll Bounce, Drumline, UnderclassmanNick Cannon
23%
The Outsiders, Knife Fight, Thank You For SmokingRob Lowe
23%
Like Mike, Lottery Ticket, Roll BounceBow Wow
18%
The Benchwarmers, Napoleon Dynamite, The Tiger Hunter, Christmas Eve, Blades of GloryJon Heder
18%
Harry Potter, Rise of the Planet of the Apes, Get Him to the Greek, Night WolfTom Felton
18%
The Breakfast Club, The Bandit Hound, AirheadsJudd Nelson
14%
Percy Jackson and the Olympians, Lottery Ticket, Big Momma's Like Father Like SonBrandon T. Jackson
9%
The Best Man, The Perfect Guy, Like Mike, The Game PlanMorris Chestnut
9%
Good Burger, First Impression, Mystery MenKel Mitchell
5%
The Boy, Batman V. Superman Dawn of Justice, Death Race 2Lauren Cohan
5%
How High, Soul Plane, KeanuMethod Man
5%
Attack the Block, Star Wars The Force AwakensJohn Boyega
5%
The Best Man, Sabotage, Prisoners, St. VincentTerrence Howard
5%
About Last Night, Think Like a Man, The Perfect Guy, TakersMichael Ealy
5%

Score Distribution

Percentile by Number Answered

Percent of People with Each Score

Your Score History

You have not taken this quiz since the last reset